[Event "POL-ch Academic (Women)"]
[Site "Chorzow"]
[Date "2022.04.02"]
[Round "7"]
[White "Maruszczak, Joanna"]
[Black "Dwilewicz, Katarzyna"]
[Result "0-1"]
[WhiteElo "1816"]
[BlackElo "1928"]
[PlyCount "120"]
[EventDate "2022.04.01"]
[EventType "swiss (rapid)"]
[EventRounds "9"]
[EventCountry "POL"]
[SourceTitle "EXT 2024"]
[Source "ChessBase"]
[SourceDate "2023.10.10"]
[SourceVersion "1"]
[SourceVersionDate "2023.10.10"]
[SourceQuality "1"]

1. e4 c5 2. Nf3 e6 3. d4 cxd4 4. Nxd4 Nc6 5. Be3 Nf6 6. Nc3 Bb4 7. Nxc6 bxc6 8. Bd3 d5 9. exd5 cxd5 10. Bd2 0-0 11. 0-0 Bd6 12. Bg5 h6 13. Bh4 Rb8 14. Rb1 Rb4 15. Bg3 e5 16. Re1 Re8 17. a3 Rb6 18. Bb5 Bg4 19. Qd2 d4 20. Bxe8 dxc3 21. Qxc3 Qxe8 22. Bxe5 Bxe5 23. Rxe5 Qd7 24. Rbe1 Be6 25. b4 Rc6 26. Rc5 Nd5 27. Qd4 Rd6 28. Qe4 Nf6 29. Qa8+ Kh7 30. Qf3 Bg4 31. Qe3 a6 32. h3 Bf5 33. c4 Rd3 34. Qe7 Rxa3 35. Qxd7 Bxd7 36. Re7 Ra1+ 37. Kh2 Be6 38. Rc6 Ne4 39. f3 Nd2 40. c5 Nf1+ 41. Kg1 Ne3+ 42. Kf2 Nd5 43. Ra7 Nxb4 44. Rb6 Ra2+ 45. Kg3 a5 46. c6 Rc2 47. c7 Nd5 48. Rbb7 Rc5 49. c8Q Rxc8 50. Rxa5 Rc2 51. Rb8 Ne3 52. Raa8 Rxg2+ 53. Kf4 Nd5+ 54. Ke4 Kg6 55. Ra6 Nf6+ 56. Ke3 Bxh3 57. Ra7 Be6 58. Rb1 h5 59. Ra5 h4 60. Rb4 Nd5+ 0-1

[Event "POL-chT Academic"]
[Site "Chorzow"]
[Date "2021.05.15"]
[Round "2.12"]
[White "Maruszczak, Joanna"]
[Black "Parol, Pola"]
[Result "0-1"]
[WhiteElo "1932"]
[BlackElo "2111"]
[PlyCount "94"]
[EventDate "2021.05.15"]
[EventType "team-swiss (rapid)"]
[EventRounds "9"]
[EventCountry "POL"]
[SourceTitle "CBM 202 Extra"]
[Source "ChessBase"]
[SourceDate "2021.07.31"]
[SourceVersion "1"]
[SourceVersionDate "2021.07.31"]
[SourceQuality "1"]
[WhiteTeam "Poznan Mickiewicz Univ"]
[BlackTeam "Warsaw Univ"]
[WhiteTeamCountry "POL"]
[BlackTeamCountry "POL"]

1. e4 c5 2. Nf3 d6 3. d4 cxd4 4. Qxd4 Nc6 5. Bb5 a6 6. Bxc6+ bxc6 7. 0-0 e5 8. Qd3 Qc7 9. c4 h6 10. Nc3 Nf6 11. b3 Be7 12. h3 0-0 13. Bb2 Rd8 14. Rac1 Qb7 15. Rfd1 Be6 16. Qe2 Rac8 17. Na4 c5 18. Nc3 Nd7 19. Rd2 Nb8 20. Nd5 Nc6 21. Nxe7+ Qxe7 22. Rcd1 Nd4 23. Bxd4 cxd4 24. Nxd4 exd4 25. Rxd4 Rd7 26. Qd2 Rcd8 27. Qa5 Qg5 28. Qxg5 hxg5 29. f3 Kf8 30. Kf2 Ke7 31. Ke3 Rb8 32. Kd3 a5 33. Kc3 Rb6 34. Ra1 Rdb7 35. Rb1 Rb4 36. a3 R4b6 37. Rb2 Rc6 38. Kd3 Rbc7 39. Rc2 Rb6 40. Rb2 f6 41. a4 Rb4 42. Kc3 Rcb7 43. Kc2 Bd7 44. Rd3 Bxa4 45. Ra2 Bxb3+ 46. Rxb3 Rxb3 47. Rxa5 Rb2+ 0-1

[Event "POL-ch Academic (Women)"]
[Site "Chorzow"]
[Date "2021.05.14"]
[Round "2.2"]
[White "Kiolbasa, Oliwia"]
[Black "Maruszczak, Joanna"]
[Result "1-0"]
[WhiteElo "2255"]
[BlackElo "1932"]
[PlyCount "48"]
[EventDate "2021.05.14"]
[EventType "swiss (rapid)"]
[EventRounds "9"]
[EventCountry "POL"]
[SourceTitle "CBM 202 Extra"]
[Source "ChessBase"]
[SourceDate "2021.07.31"]
[SourceVersion "1"]
[SourceVersionDate "2021.07.31"]
[SourceQuality "1"]

1. d4 c5 2. Nf3 e6 3. Nc3 cxd4 4. Nxd4 Nc6 5. e4 Qc7 6. Be2 a6 7. 0-0 Nf6 8. Be3 Be7 9. f4 d6 10. Kh1 Nxd4 11. Bxd4 b5 12. a3 Bb7 13. Bd3 0-0 14. Qe1 Rad8 15. Qg3 Rfe8 16. Rae1 g6 17. f5 e5 18. Be3 d5 19. exd5 Kg7 20. fxg6 fxg6 21. Be4 Nh5 22. Qf2 Bf6 23. Bf3 Rd6 24. Qd2 Bd8 1-0

[Event "POL-chT U19 46th"]
[Site "Ustron"]
[Date "2015.07.25"]
[Round "1.23"]
[White "Cieslak, Wiktoria"]
[Black "Maruszczak, Joanna"]
[Result "0-1"]
[WhiteElo "1795"]
[BlackElo "1845"]
[PlyCount "76"]
[EventDate "2015.07.25"]
[EventType "team-tourn"]
[EventRounds "9"]
[EventCountry "POL"]
[SourceTitle "EXT 2018"]
[Source "ChessBase"]
[SourceDate "2017.10.13"]
[SourceVersion "1"]
[SourceVersionDate "2017.10.13"]
[SourceQuality "1"]
[WhiteTeam "Rybnik MKSz U19"]
[BlackTeam "Gorzow Wielkopolski Stilon U19"]
[WhiteTeamCountry "POL"]
[BlackTeamCountry "POL"]

1. e4 c5 2. Nf3 e6 3. d4 cxd4 4. Nxd4 Nc6 5. Nb5 d6 6. c4 Nf6 7. Bg5 a6 8. Bxf6 gxf6 9. Nd4 Qb6 10. Nxc6 bxc6 11. Qd2 c5 12. Nc3 Bb7 13. Be2 Bg7 14. Rd1 Rd8 15. 0-0 0-0 16. f4 f5 17. exf5 d5 18. fxe6 fxe6 19. cxd5 exd5 20. Qc2 c4+ 21. Kh1 Kh8 22. Na4 Qa5 23. b3 Bc6 24. Rf3 d4 25. Rh3 d3 26. Bxd3 Rxd3 27. Rhxd3 cxd3 28. Qxc6 Rxf4 29. Qc8+ Rf8 30. Qc4 Qd2 31. Qg4 Qe2 32. h3 Rf1+ 33. Rxf1 Qxf1+ 34. Kh2 Be5+ 35. g3 Qe2+ 36. Kg1 Qxg4 37. hxg4 d2 38. Kf2 d1Q 0-1

[Event "Police Gniota Memorial 30th"]
[Site "Police"]
[Date "2015.07.13"]
[Round "7"]
[White "Niedbal, Piotr"]
[Black "Maruszczak, Joanna"]
[Result "1/2-1/2"]
[WhiteElo "1801"]
[BlackElo "1845"]
[PlyCount "51"]
[EventDate "2015.07.08"]
[EventType "swiss"]
[EventRounds "9"]
[EventCountry "POL"]
[SourceTitle "CBM 167 Extra"]
[Source "ChessBase"]
[SourceDate "2015.09.14"]
[SourceVersion "1"]
[SourceVersionDate "2015.09.14"]
[SourceQuality "1"]

1. f4 d5 2. Nf3 c5 3. g3 Nc6 4. Bg2 g6 5. 0-0 Bg7 6. Nc3 Nf6 7. b3 0-0 8. Bb2 e6 9. Qe1 Bd7 10. e3 Nb4 11. Qd1 Rc8 12. a3 Nc6 13. d3 Ng4 14. Qe2 Qa5 15. Nd1 d4 16. h3 Nxe3 17. Nxe3 dxe3 18. Bxg7 Kxg7 19. Qxe3 Qc3 20. Ne5 Nxe5 21. Qxe5+ Qxe5 22. fxe5 Bc6 23. Bxc6 Rxc6 24. Rae1 Rd8 25. Re4 Rd5 26. Ref4 1/2-1/2

[Event "Police Gniota Memorial 30th"]
[Site "Police"]
[Date "2015.07.08"]
[Round "1"]
[White "Maruszczak, Joanna"]
[Black "Franzen, Jozef"]
[Result "1-0"]
[WhiteElo "1845"]
[BlackElo "2310"]
[PlyCount "87"]
[EventDate "2015.07.08"]
[EventType "swiss"]
[EventRounds "9"]
[EventCountry "POL"]
[SourceTitle "CBM 167 Extra"]
[Source "ChessBase"]
[SourceDate "2015.09.14"]
[SourceVersion "1"]
[SourceVersionDate "2015.09.14"]
[SourceQuality "1"]

1. e4 d5 2. exd5 Nf6 3. Nf3 Nxd5 4. d4 g6 5. g3 Bg7 6. Bg2 0-0 7. 0-0 Bf5 8. c3 Nc6 9. Re1 Qd7 10. Nbd2 Rad8 11. Nc4 Bh3 12. Bh1 Qc8 13. Qb3 h6 14. Nfe5 Nxe5 15. Nxe5 e6 16. a4 c6 17. a5 a6 18. Nd3 Rd7 19. Nc5 Re7 20. Ra4 Rfe8 21. f4 h5 22. Nd3 Kh7 23. Nf2 Bf5 24. Bg2 Qc7 25. Bd2 Rc8 26. h3 g5 27. c4 Nxf4 28. gxf4 gxf4 29. Qf3 Bxd4 30. Bxf4 Qd7 31. Qxh5+ Kg8 32. c5 Bg6 33. Qh4 Bxb2 34. Bd6 Ree8 35. Ng4 Qd8 36. Qf2 Bg7 37. Kh1 Bf5 38. Ne5 Qg5 39. Rb4 Qh5 40. Qg3 Bg6 41. Rh4 Qf5 42. Be4 Qf6 43. Nxg6 fxg6 44. Bxg6 1-0

[Event "POL-chT U19 45th"]
[Site "Maslow Pierwszy"]
[Date "2014.07.29"]
[Round "5"]
[White "Maruszczak, Joanna"]
[Black "Kaniewska, Emilia"]
[Result "1-0"]
[WhiteElo "1914"]
[BlackElo "1741"]
[PlyCount "65"]
[EventDate "2014.07.25"]
[EventType "team-tourn"]
[EventRounds "9"]
[EventCountry "POL"]
[SourceTitle "EXT 2015"]
[Source "ChessBase"]
[SourceDate "2014.11.20"]
[SourceVersion "1"]
[SourceVersionDate "2014.11.20"]
[SourceQuality "1"]
[WhiteTeam "Gorzow Wielkopolski Stilon U19"]
[BlackTeam "Warszawa Gulermak Polonia U19"]
[WhiteTeamCountry "POL"]
[BlackTeamCountry "POL"]

1. e4 c5 2. Nf3 d6 3. Bb5+ Nd7 4. 0-0 a6 5. Bxd7+ Bxd7 6. c3 Nf6 7. Re1 e6 8. d4 cxd4 9. cxd4 Be7 10. Nc3 0-0 11. Bf4 b5 12. e5 Ne8 13. d5 b4 14. dxe6 Bxe6 15. Ne4 dxe5 16. Nxe5 Qb6 17. Qf3 Nf6 18. Nc6 Nd5 19. Nxe7+ Nxe7 20. Bd6 Rfe8 21. Bxe7 Rxe7 22. Nf6+ gxf6 23. Qxa8+ Kg7 24. Re3 Qd6 25. Rg3+ Kh6 26. Qf8+ Kh5 27. Qg7 Bf5 28. Rf1 Qd4 29. Rf3 Qe5 30. Rh3+ Bxh3 31. Qxh7+ Kg5 32. f4+ Qxf4 33. Qg7+ 1-0

[Event "POL-chT U19 45th"]
[Site "Maslow Pierwszy"]
[Date "2014.07.26"]
[Round "2"]
[White "Czaplewska, Klara"]
[Black "Maruszczak, Joanna"]
[Result "1/2-1/2"]
[WhiteElo "1751"]
[BlackElo "1914"]
[PlyCount "101"]
[EventDate "2014.07.25"]
[EventType "team-tourn"]
[EventRounds "9"]
[EventCountry "POL"]
[SourceTitle "EXT 2015"]
[Source "ChessBase"]
[SourceDate "2014.11.20"]
[SourceVersion "1"]
[SourceVersionDate "2014.11.20"]
[SourceQuality "1"]
[WhiteTeam "Koszalin Hetman Politechnika U19"]
[BlackTeam "Gorzow Wielkopolski Stilon U19"]
[WhiteTeamCountry "POL"]
[BlackTeamCountry "POL"]

1. e4 c5 2. Nf3 e6 3. d4 cxd4 4. Nxd4 a6 5. Bd3 Qc7 6. Qe2 d6 7. c4 Nf6 8. f4 g6 9. Nc3 Bg7 10. 0-0 0-0 11. Bd2 Nbd7 12. Kh1 b6 13. Rae1 Bb7 14. Nf3 Rac8 15. b3 Nc5 16. Bb1 Rcd8 17. Qf2 Bc6 18. Qh4 d5 19. cxd5 exd5 20. exd5 Nxd5 21. Nxd5 Bxd5 22. Bc1 f6 23. f5 g5 24. Qg4 Bf7 25. Rd1 Rfe8 26. Nd4 Re5 27. h4 h5 28. Qg3 gxh4 29. Qxh4 Qb7 30. Nf3 Rxd1 31. Rxd1 Rd5 32. Rxd5 Qxd5 33. Qd4 Qxd4 34. Nxd4 Bd5 35. Be3 Bf8 36. Ne2 Bd6 37. Nf4 Bxf4 38. Bxf4 Ne4 39. Bxe4 Bxe4 40. Be3 b5 41. a3 Kf7 42. Kh2 Bxf5 43. Kg3 Be4 44. Kf2 h4 45. Bc5 f5 46. a4 Kf6 47. axb5 axb5 48. g3 h3 49. Kg1 Ke5 50. b4 Bg2 51. Kh2 1/2-1/2

[Event "Police Gniota Memorial 29th"]
[Site "Police"]
[Date "2014.07.11"]
[Round "3"]
[White "Czuchnicki, Adam"]
[Black "Maruszczak, Joanna"]
[Result "0-1"]
[WhiteElo "2086"]
[BlackElo "1914"]
[PlyCount "122"]
[EventDate "2014.07.09"]
[EventType "swiss"]
[EventRounds "9"]
[EventCountry "POL"]
[SourceTitle "CBM 161 Extra"]
[Source "ChessBase"]
[SourceDate "2014.08.29"]
[SourceVersion "1"]
[SourceVersionDate "2014.08.29"]
[SourceQuality "1"]

1. d4 d5 2. Nf3 Nf6 3. c4 c6 4. g3 Nbd7 5. Bg2 e6 6. 0-0 Be7 7. Qc2 0-0 8. b3 b6 9. Bb2 Ba6 10. Ne5 Nxe5 11. dxe5 Nd7 12. Nd2 Rc8 13. f4 f5 14. exf6 Nxf6 15. Bh3 Bc5+ 16. Kh1 Qe7 17. e4 b5 18. e5 Nd7 19. Nf3 g6 20. Ng5 Rf5 21. Nxe6 Qxe6 22. g4 Rff8 23. f5 Qe8 24. e6 Nb6 25. g5 bxc4 26. f6 Rc7 27. f7+ Rcxf7 28. exf7+ Rxf7 29. Rxf7 Qxf7 30. Qe2 c3 31. Qxa6 cxb2 32. Rf1 Qe7 33. Qd3 Qe4+ 34. Qxe4 dxe4 35. Bg2 e3 36. Rb1 Bd4 37. Bxc6 Bc3 38. Bf3 Nd7 39. Kg2 Ne5 40. Bd5+ Kf8 41. Kf1 Nd3 42. Bc4 Nc1 43. b4 Ke7 44. a4 Kd6 45. a5 Kc6 46. b5+ Kc5 47. Be2 Kd6 48. Bc4 Kc7 49. h3 Kb8 50. a6 Kc7 51. Be2 Kb6 52. Bc4 Kc5 53. Be2 Nb3 54. Bd3 Nd4 55. Rd1 Bd2 56. Rb1 Bc1 57. h4 Nf3 58. h5 gxh5 59. Bxh7 Nxg5 60. Bd3 Ne6 61. Be2 Nf4 0-1

[Event "Olsztyn op U18 blitz"]
[Site "Olsztyn"]
[Date "2013.08.04"]
[Round "19"]
[White "Jaskiewicz, Kamila"]
[Black "Maruszczak, Joanna"]
[Result "1-0"]
[WhiteElo "1955"]
[BlackElo "1844"]
[PlyCount "151"]
[EventDate "2013.08.03"]
[EventType "swiss (blitz)"]
[EventRounds "22"]
[EventCountry "POL"]
[SourceTitle "CBM 155 Extra"]
[Source "ChessBase"]
[SourceDate "2013.08.26"]
[SourceVersion "1"]
[SourceVersionDate "2013.08.26"]
[SourceQuality "1"]

1. Nf3 Nf6 2. g3 c5 3. Bg2 d5 4. d4 e6 5. 0-0 Nc6 6. c4 dxc4 7. dxc5 Qxd1 8. Rxd1 Bxc5 9. Nbd2 Na5 10. Ne5 0-0 11. Ndxc4 Nxc4 12. Nxc4 Ng4 13. e3 Rb8 14. h3 Nf6 15. a3 b6 16. b4 Be7 17. Bb2 Bb7 18. Be5 Rbc8 19. Nd6 Bxd6 20. Bxd6 Bxg2 21. Bxf8 Bf3 22. Be7 Bxd1 23. Rxd1 Nd5 24. Bd6 g6 25. Be5 Kf8 26. Rd3 Rc2 27. e4 f6 28. exd5 fxe5 29. dxe6 Ke7 30. Rd7+ Kxe6 31. Rxa7 Ra2 32. Rxh7 Rxa3 33. Rb7 Ra1+ 34. Kg2 Rb1 35. Rxb6+ Kf5 36. Rb8 Kf6 37. b5 Kg7 38. Kf3 Rb4 39. b6 Kh7 40. h4 Kg7 41. Rb7+ Kh6 42. Rb8 Kg7 43. Ke3 Kh7 44. Ke2 Kg7 45. Ke3 Kh7 46. Ke2 Kg7 47. Kf3 Kh7 48. Kg2 Rb3 49. Kh3 Rb4 50. b7 Kg7 51. f3 Kh7 52. Kg2 Rb2+ 53. Kh3 Rb4 54. Kg2 Kg7 55. Kh3 Kh7 56. f4 exf4 57. gxf4 Kg7 58. Kg4 Kh7 59. Kg5 Kg7 60. Kg4 Kh7 61. Kf3 Kg7 62. Kg3 Kh7 63. Kg4 Kg7 64. Kg3 Kh7 65. Kg4 Kg7 66. Kg3 Kh7 67. Kg4 Kg7 68. Kg3 Kh7 69. Kg4 Kg7 70. h5 gxh5+ 71. Kxh5 Rb5+ 72. Kg4 Kh7 73. f5 Kg7 74. Kg5 Kh7 75. Kf6 Rb6+ 76. Ke7 1-0

[Event "Olsztyn op U18 blitz"]
[Site "Olsztyn"]
[Date "2013.08.04"]
[Round "21"]
[White "Maruszczak, Joanna"]
[Black "Gora, Antonina"]
[Result "1-0"]
[WhiteElo "1844"]
[BlackElo "1844"]
[PlyCount "57"]
[EventDate "2013.08.03"]
[EventType "swiss (blitz)"]
[EventRounds "22"]
[EventCountry "POL"]
[SourceTitle "CBM 155 Extra"]
[Source "ChessBase"]
[SourceDate "2013.08.26"]
[SourceVersion "1"]
[SourceVersionDate "2013.08.26"]
[SourceQuality "1"]

1. e4 c5 2. Nf3 d6 3. d4 cxd4 4. Qxd4 a6 5. c4 Nf6 6. Nc3 e6 7. Be2 Be7 8. 0-0 Nc6 9. Qd2 Qc7 10. b3 0-0 11. Bb2 b6 12. Rad1 Bb7 13. Bd3 Rfd8 14. Bb1 Rac8 15. Qc2 Nb4 16. Qc1 d5 17. a3 dxe4 18. Ng5 Nd3 19. Bxd3 exd3 20. Qe3 Ng4 21. Qh3 Bxg5 22. Qxg4 Bf4 23. Nd5 g6 24. Nxc7 Bxc7 25. Bf6 Rd7 26. Qg5 Bd6 27. Rxd3 Rcc7 28. Rxd6 Rxd6 29. Qh6 1-0

[Event "Olsztyn op U18 blitz"]
[Site "Olsztyn"]
[Date "2013.08.03"]
[Round "6"]
[White "Burakowska, Gabriela"]
[Black "Maruszczak, Joanna"]
[Result "1/2-1/2"]
[WhiteElo "1904"]
[BlackElo "1844"]
[PlyCount "136"]
[EventDate "2013.08.03"]
[EventType "swiss (blitz)"]
[EventRounds "22"]
[EventCountry "POL"]
[SourceTitle "CBM 155 Extra"]
[Source "ChessBase"]
[SourceDate "2013.08.26"]
[SourceVersion "1"]
[SourceVersionDate "2013.08.26"]
[SourceQuality "1"]

1. e4 c5 2. Nf3 e6 3. d4 cxd4 4. Nxd4 a6 5. c4 Qc7 6. a3 Nc6 7. Nxc6 dxc6 8. Nc3 e5 9. Be2 Nf6 10. 0-0 Be6 11. Be3 Be7 12. Qc2 0-0 13. b4 a5 14. b5 b6 15. bxc6 Qxc6 16. Rfc1 Rfc8 17. Nd5 Bxd5 18. exd5 Nxd5 19. Bf3 Nxe3 20. fxe3 Qc5 21. Bxa8 Qxe3+ 22. Kh1 Rxa8 23. Re1 Qc5 24. Qe4 Rd8 25. h3 Bf6 26. a4 h6 27. Rad1 Rd4 28. Rxd4 Qxd4 29. Qxd4 exd4 30. Kg1 Kf8 31. Kf2 Be7 32. Kf3 Bc5 33. Re5 f6 34. Re1 Kf7 35. Re4 f5 36. Re1 Kf6 37. Kf4 g5+ 38. Kf3 h5 39. g4 fxg4+ 40. hxg4 h4 41. Ke4 Ke6 42. Rf1 Bd6 43. Kxd4 h3 44. Ke4 h2 45. Rh1 Bf4 46. Rf1 Kd6 47. Kd4 Kc6 48. Re1 Bg3 49. Rf1 Bf2+ 50. Ke4 Bg1 51. Rf6+ Kc5 52. Rh6 Kxc4 53. Kf5 Kb4 54. Rh3 Kxa4 55. Kxg5 b5 56. Kf5 b4 57. g5 Kb5 58. g6 Bd4 59. Rxh2 a4 60. Ke4 Bc3 61. Kd3 a3 62. Kc2 Ka4 63. Kb1 b3 64. Rh4+ Kb5 65. Rh5+ Kc4 66. Rh2 a2+ 67. Rxa2 bxa2+ 68. Kxa2 Bg7 1/2-1/2

[Event "Olsztyn op U18 blitz"]
[Site "Olsztyn"]
[Date "2013.08.03"]
[Round "4"]
[White "Maruszczak, Joanna"]
[Black "Binkowska, Agata"]
[Result "1-0"]
[WhiteElo "1844"]
[BlackElo "1623"]
[PlyCount "69"]
[EventDate "2013.08.03"]
[EventType "swiss (blitz)"]
[EventRounds "22"]
[EventCountry "POL"]
[SourceTitle "CBM 155 Extra"]
[Source "ChessBase"]
[SourceDate "2013.08.26"]
[SourceVersion "1"]
[SourceVersionDate "2013.08.26"]
[SourceQuality "1"]

1. e4 e6 2. Nf3 Nc6 3. d4 d5 4. e5 Bd7 5. Bd3 Nb4 6. 0-0 c5 7. dxc5 Bxc5 8. Nc3 Ne7 9. Bf4 Nxd3 10. Qxd3 0-0 11. Bg3 Nf5 12. Rfe1 Nxg3 13. hxg3 Qb6 14. Rf1 h6 15. Rab1 Rac8 16. Ne2 Bb5 17. Qd2 Qc7 18. c3 Be7 19. Rfe1 Qb6 20. Ned4 Bd7 21. Kh2 Rc7 22. g4 Rfc8 23. g5 h5 24. g3 Qa6 25. Ra1 Qb6 26. Reb1 Bb5 27. Kg2 Ba6 28. Rh1 Qa5 29. Rxh5 g6 30. Rh4 Bf8 31. Rah1 Bg7 32. Rh7 Qxa2 33. Qf4 Qxb2 34. Rxg7+ Kxg7 35. Qf6+ 1-0

[Event "Olsztyn op U18 blitz"]
[Site "Olsztyn"]
[Date "2013.08.03"]
[Round "10"]
[White "Pastuszko, Kinga"]
[Black "Maruszczak, Joanna"]
[Result "0-1"]
[WhiteElo "1851"]
[BlackElo "1844"]
[PlyCount "96"]
[EventDate "2013.08.03"]
[EventType "swiss (blitz)"]
[EventRounds "22"]
[EventCountry "POL"]
[SourceTitle "CBM 155 Extra"]
[Source "ChessBase"]
[SourceDate "2013.08.26"]
[SourceVersion "1"]
[SourceVersionDate "2013.08.26"]
[SourceQuality "1"]

1. e4 c5 2. Nf3 e6 3. d4 cxd4 4. Nxd4 a6 5. c4 Qc7 6. Nc3 Nc6 7. Be2 Nf6 8. 0-0 Be7 9. f4 Nxd4 10. Be3 Nxe2+ 11. Qxe2 d6 12. Kh1 0-0 13. Bg1 b6 14. Na4 Nd7 15. f5 e5 16. Nc3 Bb7 17. Nd5 Bxd5 18. cxd5 Rfc8 19. Rac1 Qb7 20. Qe3 Rxc1 21. Rxc1 Rc8 22. Rf1 Qc7 23. g4 Qc4 24. Re1 Qxa2 25. g5 f6 26. Rc1 Rc5 27. Qd2 Qa4 28. Bxc5 Qxe4+ 29. Qg2 Qxg2+ 30. Kxg2 dxc5 31. gxf6 Nxf6 32. Rd1 Bd6 33. Kf3 Kf7 34. Ra1 a5 35. Rd1 e4+ 36. Ke3 Bxh2 37. d6 Ke8 38. d7+ Nxd7 39. Kxe4 Nf6+ 40. Ke3 Bc7 41. Rg1 Kf7 42. Rd1 g6 43. fxg6+ hxg6 44. Rg1 Bb8 45. Kd3 Be5 46. b3 Bd4 47. Rg2 Nd5 48. Kc4 Ne3+ 0-1

[Event "Olsztyn op U18 rapid"]
[Site "Olsztyn"]
[Date "2013.08.02"]
[Round "9"]
[White "Pastuszko, Kinga"]
[Black "Maruszczak, Joanna"]
[Result "0-1"]
[WhiteElo "1851"]
[BlackElo "1844"]
[PlyCount "20"]
[EventDate "2013.08.01"]
[EventType "swiss (rapid)"]
[EventRounds "11"]
[EventCountry "POL"]
[SourceTitle "CBM 155 Extra"]
[Source "ChessBase"]
[SourceDate "2013.08.26"]
[SourceVersion "1"]
[SourceVersionDate "2013.08.26"]
[SourceQuality "1"]

1. e4 c5 2. Nf3 e6 3. d4 cxd4 4. Nxd4 a6 5. Nc3 Qc7 6. Bd3 Nf6 7. 0-0 Nc6 8. Be3 Ne5 9. Qe2 Neg4 10. Bd2 Qxh2# 0-1

[Event "POL-chT U19 1st League"]
[Site "Karpacz"]
[Date "2013.07.27"]
[Round "6"]
[White "Czaplewska, Klara"]
[Black "Maruszczak, Joanna"]
[Result "1-0"]
[WhiteElo "1689"]
[BlackElo "1824"]
[PlyCount "66"]
[EventDate "2013.07.22"]
[EventType "team-tourn"]
[EventRounds "9"]
[EventCountry "POL"]
[SourceTitle "EXT 2014"]
[Source "ChessBase"]
[SourceDate "2013.11.20"]
[SourceVersion "1"]
[SourceVersionDate "2013.11.20"]
[SourceQuality "1"]
[WhiteTeam "Koszalin Hetman Politechnika U19"]
[BlackTeam "Grzybowo GKSz Solny U19"]
[WhiteTeamCountry "POL"]
[BlackTeamCountry "POL"]

1. e4 Nf6 2. Nc3 d5 3. exd5 Nxd5 4. Nf3 Bg4 5. Bc4 c6 6. 0-0 e6 7. h3 Bh5 8. d3 Be7 9. Ne4 h6 10. Re1 0-0 11. Ng3 Bg6 12. Ne5 Bh7 13. Qg4 Nf6 14. Qe2 Nbd7 15. f4 Qb6+ 16. Kh2 Qc7 17. Nxf7 Rxf7 18. Bxe6 Raf8 19. Bxf7+ Rxf7 20. Bd2 Nd5 21. Rf1 Bd6 22. Kh1 Nxf4 23. Bxf4 Bxf4 24. Nh5 Be5 25. Rxf7 Kxf7 26. d4 Bf6 27. Re1 Qd8 28. Nf4 Kg8 29. Qc4+ Kh8 30. Qf7 Ne5 31. dxe5 Bg8 32. Qxb7 Qd2 33. exf6 Qd8 1-0

[Event "POL-chT U19 1st League"]
[Site "Karpacz"]
[Date "2013.07.26"]
[Round "5"]
[White "Maruszczak, Joanna"]
[Black "Delekta, Anna"]
[Result "1-0"]
[WhiteElo "1824"]
[BlackElo "1740"]
[PlyCount "53"]
[EventDate "2013.07.22"]
[EventType "team-tourn"]
[EventRounds "9"]
[EventCountry "POL"]
[SourceTitle "EXT 2014"]
[Source "ChessBase"]
[SourceDate "2013.11.20"]
[SourceVersion "1"]
[SourceVersionDate "2013.11.20"]
[SourceQuality "1"]
[WhiteTeam "Grzybowo GKSz Solny U19"]
[BlackTeam "Minsk Mazowiecki MTSz U19"]
[WhiteTeamCountry "POL"]
[BlackTeamCountry "POL"]

1. e4 c5 2. Nf3 e6 3. d4 cxd4 4. Nxd4 a6 5. Bd3 Qc7 6. 0-0 Nf6 7. Be3 Nc6 8. Nd2 Bd6 9. h3 b5 10. a4 b4 11. Nc4 Be7 12. a5 Bb7 13. Qe2 d5 14. Nb6 Rd8 15. Bxa6 Nxd4 16. Bxd4 dxe4 17. Bxb7 Qxb7 18. Qb5+ Kf8 19. a6 Qa7 20. Bc5 Bxc5 21. Qxc5+ Kg8 22. Qc6 Rb8 23. Nc8 Qa8 24. Ne7+ Kf8 25. Qd6 Rd8 26. Ng6+ Kg8 27. Qf8+ 1-0